| 000 | 00679nam a22002177a 4500 | ||
|---|---|---|---|
| 999 |
_c64003 _d64003 |
||
| 005 | 20240530110710.0 | ||
| 008 | 180121s2015 ua a g b 000 fdara d | ||
| 017 |
_a2015/4841 _bمصر. دار الكتب |
||
| 020 | _a9789770933435 | ||
| 040 |
_aEG-CaGPL _cEG-CaGPL |
||
| 082 | 0 | 4 |
_221 _a813.03\ _bر خ |
| 100 | 0 | _aرضوى عاشور | |
| 245 | 1 | 0 |
_aخديجة وسوسن : _bرواية / _cرضوى عاشور . |
| 250 | _aط.1 | ||
| 260 |
_aالقاهرة : _bدار الشروق ، _c2015 . |
||
| 300 |
_a223 ص. ؛ _c20 سم. |
||
| 650 | 0 | 7 |
_2qrmak _aالقصص العربية |
| 651 | _2qrmak | ||
| 942 |
_2ddc _cBK |
||